Statistiken für Städte und Gemeinden im Bodenseekreis

Klicken Sie hier um das Quiz zu spielen!

Allgemein

  • Dieses Quiz wurde 35 mal gespielt
  • Das Durchschnittsergebnis liegt bei 11 aus 23

Antwortstatistiken

EinwohnerzahlAntwort% Korrekt
57.691Friedrichshafen
100%
22.046Überlingen
73%
1.397Hagnau am Bodensee
59%
5.627Meersburg
59%
7.728Langenargen
55%
13.289Markdorf
55%
11.043Salem
55%
18.348Tettnang
55%
4.652Eriskirch
50%
6.317Immenstaad am Bodensee
50%
8.305Kressbronn am Bodensee
50%
13.007Meckenbeuren
50%
2.113Sipplingen
50%
1.029Stetten
45%
7.936Uhldingen-Mühlhofen
45%
3.852Bermatingen
36%
4.451Oberteuringen
36%
4.241Owingen
36%
4.061Deggenhausertal
32%
2.886Frickingen
32%
2.959Heiligenberg
32%
2.635Neukirch
27%
1.567Daisendorf
23%

Verteilung der Resultate

Perzentil nach korrekt beantworteten Fragen

Anzahl Personen mit jedem Resultat

Ihre Resultats-Entwicklung

Sie haben dieses Quiz noch nicht gespielt